MATERER, Ulrich (Matern, Mauerer) staviteľ (16. stor.)

Podrobná bibliografia
Médium: Článok
Jazyk:slovenčina
ISBN:8070900709 viaz
Predmet:

MARC

LEADER 00000naa a2200000uu 4500
001 vtls010921456
003 SK-MaSNL
005 20260302131344.0
008 220808|1990 xo |||||||||||||||||slo|
015 |a SNBRA 
035 |a (urnnbn)urn:nbn:sk:snk:ar-a0d07z 
035 |a (uuid)5a8f76f0-468b-4fe0-9001-0df1394116f3 
035 |a urn:nbn:sk:snk-aatoxg 
040 |a SNKBUCL  |b slo  |c SNKBUCL  |e AACR2 
041 0 |a slo 
044 |a xo  |c SK 
245 0 0 |a MATERER, Ulrich (Matern, Mauerer)  |b staviteľ (16. stor.) 
655 7 |a biografické heslá  |2 SNKPH  |9 368942 
773 0 |t Slovenský biografický slovník : (od roku 833 do roku 1990). IV. zväzok, M-Q  |d Martin : Matica slovenská, 1990  |g S. 110  |z 8070900709 viaz 
954 |a odborná, vedecká literatúra pôvodná (slovenská)  |2 lita 
958 |a BX 
958 |a OND 
958 |a chapter 
958 |a article25 
999 |c 1306270  |d 1308200